000 00251nam a22001217a 4500
008 170821b xxu||||| |||| 00| 0 eng d
041 _aeng
080 _26TH
_a51
100 _a37
101 _aMAT
245 _aPREALGEBRA
_cGAY,E.M
942 _2udc
_cBK
999 _c24183
_d24183